Pokémon-Toutes les Coupes de Couafarel - Statistiques

Statistiques générales
  • Ce quiz a été pris 5 fois
  • Le résultat moyen est 9 sur 10
Statistiques - réponses
Hint Réponse % Correct
Coupe Coupe Coeur
100%
Coupe Coupe Diamant
100%
Coupe Coupe Monsieur
100%
Coupe Coupe Pharaon
100%
Coupe Coupe Reine
100%
Coupe Coupe Demoiselle
80%
Coupe Coupe Kabuki
80%
Coupe Coupe Madame
80%
Forme de base Forme Sauvage
80%
Coupe Coupe Etoile
40%
Aucun quiz correspondant
Distribution des résultats
% des personnes avec chaque résultat
Percentile par nombre de réponses
Votre historique - résultats
Vous n’avez pas pris ce quiz